000 00381nam a22001097a 4500
082 _a398
100 _aपाण्डेय, शिव कुमार
_958567
245 _aबस्तर के लोकेत्सव
260 _aदिल्ली
_bआयुष पब्लिशिंग हाउस
_c2020
650 _aलोकसाहित्य
_949528
942 _cHIN
999 _c69027
_d69027